00735 a2200205 4500010001400000020002300014035001300037037001600050082001000066090001700076100001700093245005900110260003800169270009800207300002700305500002000332942002500352999001700377952013500394 aENG-90085 a8183771313c500.00 aEN-73618 bDBAD / PUB14a363.7 c12306d123061 aAhmad Husain1 cby Ahmad HusainaEnvironment and new legal dimensions/ aNew DelhibMahaveer & Sonsc2007 a3072/28, 1st Floor, Gola Market, Darya Ganj, (Near Golcha Parking)bNew Delhie110002cDelhi av, 201p.c22 cm. (Hb) aIncludes index. adplcENk363.7 / AHM c11951d11951 00102ddc40718NFICaDBADbDBADeDBAD/PUBg500.00l0o363.7 AHMpEN-73618r2008-09-15 00:00:00t1u13068v500.00w2008-09-15yEN